00614nam a2200145Ia 4500008004100000082003300041100002900074245006200103260002400165300001100189502006000200650007200260952011900332999001700451120622s9999 xx 000 0 und d aT 070.449 7960874 N841p 1973 aNoriega Garibay, Dolores aEl periodismo en las olimpiadas / Dolores Noriega Garibay aMéxico : El autor a142 p. aTESIS (Periodista). -- Universidad Femenina de México a1. PERIODISMO DEPORTIVO \ 2. OLIMPIADAS - RESTABLECIMIENTO, 1896Ì 00104070a01b01d2007-01-25l1oT 070.449 7960874 N841P 1973p01 005815r2015-08-25s2015-08-25w2012-06-24yLB c55607d55607